01709nam a2200373 a 4500001001200000003000800012006001900020007001500039008004100054010001700095020003800112020003500150020002700185040002100212035002100233050002600254082001700280100002400297245012600321250001200447260005200459300001900511500002000530505036200550533015200912630002201064650002501086650001501111655002901126700002001155710001701175856012601192999001701318ebr10684972CaPaEBRm u cr cn|||||||||130222s2013 inu s 001 0 eng d z 2013933952 z9781118490358 (pbk. : alk. paper) z1118490355 (pbk. : alk. paper) z9781118491546 (e-book) aCaPaEBRcCaPaEBR a(OCoLC)84698483314aQA76.9.D3bA44 2013eb04a005.75652231 aAlexander, Michael.10aAccess 2013 bibleh[electronic resource] :b[the comprehensive tutorial resource] /cMichael Alexander and Dick Kusleika. a1st ed. aIndianapolis, Ind. :bJohn Wiley & Sons,c2013. axliii, 1250 p. aIncludes index.0 apt. I. Access building blocks -- pt. II. Understanding Access tables -- pt. III. Working with Access queries -- pt. IV. Analyzing data in Access -- pt. V. Working with Access forms and reports -- pt. VI. Access programming fundamentals -- pt. VII. Advanced Access programming techniques -- VIII. Access and Windows SharePoint services -- pt. XI. Appendixes. aElectronic reproduction.bPalo Alto, Calif. :cebrary,d2013.nAvailable via World Wide Web.nAccess may be limited to ebrary affiliated libraries.00aMicrosoft Access. 0aDatabase management. 0aDatabases. 7aElectronic books.2local1 aKusleika, Dick.2 aebrary, Inc.40uhttp://site.ebrary.com/lib/rucke/Doc?id=10684972zAn electronic book accessible through the World Wide Web; click to view c30405d30405